A TEXTBOOK OF PHYSICAL CHEMISTRY VOL-V (Record no. 16417)

MARC details
000 -LEADER
fixed length control field 00316nam a22001457a 4500
003 - CONTROL NUMBER IDENTIFIER
control field SGT
020 ## - INTERNATIONAL STANDARD BOOK NUMBER
International Standard Book Number 9789339204310
082 ## - DEWEY DECIMAL CLASSIFICATION NUMBER
Classification number 541.3
Item number KAP
100 ## - MAIN ENTRY--PERSONAL NAME
Personal name KAPOOR K.L
245 ## - TITLE STATEMENT
Title A TEXTBOOK OF PHYSICAL CHEMISTRY VOL-V
250 ## - EDITION STATEMENT
Edition statement 3RD
260 ## - PUBLICATION, DISTRIBUTION, ETC. (IMPRINT)
Name of publisher, distributor, etc MC GRAW HILL
Year of Publication 2017
300 ## - PAGE DESCRIPTION
No. of Pages 546
942 ## - ADDED ENTRY ELEMENTS (KOHA)
Source of classification or shelving scheme Dewey Decimal Classification
Koha item type Books
942 ## - ADDED ENTRY ELEMENTS (KOHA)
-- 29
Holdings
Withdrawn status Lost status Source of classification or shelving scheme Damaged status Not for loan Collection code Home library Current library Shelving location Date acquired Vendor Name Cost, normal purchase price SGTU Bill Number Total Checkouts Full call number Accession No. (Barcode) Date last seen Date last borrowed Bill Date Koha item type
    Dewey Decimal Classification     SCIENCE SGT Science & Social Sciences Library SGT Science & Social Sciences Library Text Book 27/12/2018 AHUJA BOOK 525.00 SGTU 10393 5 541.3 KAP PS5366 25/02/2025 18/02/2025 27/12/2018 Books
    Dewey Decimal Classification     SCIENCE SGT Science & Social Sciences Library SGT Science & Social Sciences Library Text Book 27/12/2018 AHUJA BOOK 525.00 SGTU 10393 8 541.3 KAP PS5367 06/06/2024 21/05/2024 27/12/2018 Books
    Dewey Decimal Classification     SCIENCE SGT Science & Social Sciences Library SGT Science & Social Sciences Library Text Book 27/12/2018 AHUJA BOOK 525.00 SGTU 10393 3 541.3 KAP PS5368 10/05/2022 25/04/2022 27/12/2018 Books
    Dewey Decimal Classification     SCIENCE SGT Science & Social Sciences Library SGT Science & Social Sciences Library Text Book 27/12/2018 AHUJA BOOK 525.00 SGTU 10393 15 541.3 KAP PS5369 11/01/2025 10/01/2025 27/12/2018 Books
    Dewey Decimal Classification     SCIENCE SGT Science & Social Sciences Library SGT Science & Social Sciences Library Text Book 27/12/2018 AHUJA BOOK 525.00 SGTU 10393 2 541.3 KAP PS5370 29/04/2022 11/04/2022 27/12/2018 Books